An Encyclopedia of Keynesian Economics

Salvato in:
Dettagli Bibliografici
Altri autori: Cate, Thomas, Harcourt, Geoff, Colander, David C.
Natura: Libro
Lingua:inglese
Pubblicazione: Cheltenham Edward Elgar 1997
Soggetti:
Tags: Aggiungi Tag
Nessun Tag, puoi essere il primo ad aggiungerne!!

MARC

LEADER 00000nam a2200000 4500
001 0283085
005 20240416113606.7
020 |a 1-85898-145-X 
041 0 |a eng 
044 |a GB 
245 1 0 |a An Encyclopedia of Keynesian Economics  |c edited by Thomas Cate, associate editors Geoff Harcourt, David C. Colander 
264 1 |a Cheltenham  |b Edward Elgar  |c 1997 
300 |a xxiv, 638 s. 
610 2 0 |a keynesizmus 
610 2 0 |a teórie ekonomické 
610 2 0 |a myslenie ekonomické 
610 2 0 |a dejiny teórií ekonomických 
610 2 0 |a dejiny myslenia ekonomického 
700 1 |a Cate, Thomas 
700 1 |a Harcourt, Geoff 
700 1 |a Colander, David C.